El terremoto social del bicentenario

Saved in:
Bibliografiske detaljer
Hovedforfatter: Aguilera M., Silvia (Author)
Format: Bog
Sprog:spansk
Udgivet: Santiago LOM 2010
Udgivelse:1a. ed
Serier:Colección de Bolsillo
Fag:
Tags: Tilføj Tag
Ingen Tags, Vær først til at tagge denne postø!

MARC

LEADER 00000nam a2200000 a 4500
001 UCG3676
003 CL-VaPUC
008 100909e20100000CL |||||||||||||||||spa|d
020 |a 9789560001580 
082 0 4 |a 301  |b AGU  |2 21 
100 0 |a Aguilera M., Silvia  |e author  |9 552971 
245 1 3 |a El terremoto social del bicentenario 
250 |a 1a. ed 
300 |a 226 p 
942 |c BK 
945 |d 20100909 00:00:00  |a mfarfan 
260 |a Santiago  |b LOM  |c 2010 
650 7 |a TERREMOTO DE 2010  |2 CL-VaPUC  |9 552972 
650 0 |a Problemas sociales  |9 258537 
650 0 |a Cambio social   |9 256857 
651 7 |a CHILE  |2 CL-VaPUC  |9 552973 
583 |a last modification  |c 20100909 00:00:00  |k Rodrigo Vera 
490 0 |a Colección de Bolsillo 
999 |c 342722  |d 342720 
952 |0 0  |1 0  |4 0  |6 301_000000000000000_AGU_2010  |7 0  |8 C  |9 439201  |a BIBCUR  |b BIBCUR  |d 2019-11-22  |i 4718232  |o 301 AGU 2010  |p 4718232  |r 2025-04-22  |w 2019-11-22  |y BK  |k CAC